Harper's review of biochemistry
Đã lưu trong:
| 主要作者: | |
|---|---|
| 格式: | 图书 |
| 语言: | Undetermined |
| 出版: |
Los Altos, Calif.
Lange Medical Publications
1983
|
| 主题: | |
| 标签: |
添加标签
没有标签, 成为第一个标记此记录!
|
| Thư viện lưu trữ: | Trung tâm Học liệu Trường Đại học Cần Thơ |
|---|
| LEADER | 00558nam a2200193Ia 4500 | ||
|---|---|---|---|
| 001 | CTU_125740 | ||
| 008 | 210402s9999 xx 000 0 und d | ||
| 082 | |a 612.015 | ||
| 082 | |b M374 | ||
| 100 | |a Martin, David W. | ||
| 245 | 0 | |a Harper's review of biochemistry | |
| 245 | 0 | |c David W. Martin, Peter A. Mayes, Victor W. Rodwell | |
| 260 | |a Los Altos, Calif. | ||
| 260 | |b Lange Medical Publications | ||
| 260 | |c 1983 | ||
| 650 | |a Biochemistry | ||
| 650 | |x Periodicals | ||
| 904 | |i Hiếu | ||
| 980 | |a Trung tâm Học liệu Trường Đại học Cần Thơ | ||